Water and the Law: Water Management in the Statutory Legislation of Later Communal Italy

محفوظ في:

المؤلف الرئيسي: Francesco Salvestrini

التنسيق: كتاب

اللغة: Undetermined

الوصول للمادة أونلاين: Login to view Source

الوسوم: إضافة وسم

لا توجد وسوم, كن أول من يضع وسما على هذه التسجيلة!

رقم الطلب:

LEADER 00499nmm a2200133Ia 4500
008 240716s9999||||xx |||||||||||||||||und||
020 |a 9781803277363 
020 |a 9781803277370 
100 |a Francesco Salvestrini 
245 1 0 |a Water and the Law: Water Management in the Statutory Legislation of Later Communal Italy  |c Francesco Salvestrini 
264 |b Archaeopress Archaeology  |c 21-مارس-24 
856 4 0 |u http://library.arce.org:8087/Archaeopress/Products/9781803277363 
942 |2 lcc  |c EBOOK 
999 |c 58947  |d 58947